[Event "Steinfurt Bezirksklasse 0405"]
[Site "Germany"]
[Date "2005.02.19"]
[Round "7.1"]
[White "Ulbricht Weiss, Wolfgang"]
[Black "Mostafa, Riad"]
[Result "1/2-1/2"]
[WhiteElo "1183"]
[BlackElo "1223"]
[PlyCount "103"]
[EventDate "2004.09.18"]
[EventType "team-tourn"]
[EventRounds "11"]
[EventCountry "GER"]
[SourceTitle "EXT 2006"]
[Source "ChessBase"]
[SourceDate "2005.11.24"]
[SourceVersion "1"]
[SourceVersionDate "2005.11.24"]
[SourceQuality "1"]
[WhiteTeam "Rheine CC"]
[BlackTeam "Steinfurt IV"]
[WhiteTeamCountry "GER"]
[BlackTeamCountry "GER"]

1. d4 g6 2. e4 Bg7 3. Nf3 d6 4. Nc3 Nf6 5. Bd3 0-0 6. 0-0 Bg4 7. h3 Bxf3 8. Qxf3 Nc6 9. Be3 Ne8 10. d5 Ne5 11. Qe2 c6 12. Rfd1 cxd5 13. Nxd5 b6 14. c3 e6 15. Nb4 f5 16. Bd4 Rc8 17. f4 Nxd3 18. Rxd3 Qh4 19. Bxg7 Kxg7 20. exf5 exf5 21. Qe6 Qd8 22. Nd5 Nf6 23. Nxf6 Rxf6 24. Qd5 Rc7 25. Re1 Rd7 26. Rde3 Qc7 27. Qd4 Rdf7 28. Re6 Qc5 29. Qxc5 dxc5 30. Kf2 Rxe6 31. Rxe6 Rd7 32. Ke3 Kf7 33. Re5 Rd1 34. g4 fxg4 35. hxg4 Ra1 36. a3 Rb1 37. b4 cxb4 38. axb4 Kf6 39. g5+ Kf7 40. f5 gxf5 41. Rxf5+ Kg6 42. Rd5 Rc1 43. Kd4 Rd1+ 44. Kc4 Rxd5 45. Kxd5 Kxg5 46. c4 h5 47. c5 bxc5 48. bxc5 h4 49. c6 h3 50. c7 h2 51. c8Q h1Q+ 52. Kd6 1/2-1/2

[Event "Steinfurt Bezirksklasse 0405"]
[Site "Germany"]
[Date "2004.11.27"]
[Round "4.1"]
[White "Mostafa, Riad"]
[Black "Merschkoetter, Peter"]
[Result "0-1"]
[WhiteElo "1223"]
[BlackElo "1609"]
[PlyCount "90"]
[EventDate "2004.09.18"]
[EventType "team-tourn"]
[EventRounds "11"]
[EventCountry "GER"]
[SourceTitle "EXT 2006"]
[Source "ChessBase"]
[SourceDate "2005.11.24"]
[SourceVersion "1"]
[SourceVersionDate "2005.11.24"]
[SourceQuality "1"]
[WhiteTeam "Steinfurt IV"]
[BlackTeam "Reckenfeld II"]
[WhiteTeamCountry "GER"]
[BlackTeamCountry "GER"]

1. e4 c5 2. Nc3 Nc6 3. Nf3 d6 4. Bc4 e6 5. d3 a6 6. Bd2 b5 7. Bb3 Bb7 8. Qe2 Nd4 9. Nxd4 cxd4 10. Nd1 g6 11. f3 Bg7 12. Nf2 Rc8 13. Rc1 Ne7 14. a3 0-0 15. h4 d5 16. h5 Nc6 17. hxg6 fxg6 18. exd5 exd5 19. Qe6+ Kh8 20. Qh3 Qe7+ 21. Kf1 Be5 22. Bxd5 Rc7 23. Bxc6 Bxc6 24. Re1 Rf5 25. Qg4 Qf7 26. Ne4 Bxe4 27. dxe4 Rf6 28. Bg5 Rfc6 29. f4 Rxc2 30. Rh3 Qc4+ 31. Kg1 d3 32. fxe5 d2 33. Bxd2 Rxd2 34. Qxg6 Qd4+ 35. Ree3 Rc1+ 36. Kh2 Qxe5+ 37. Reg3 Rxg2+ 38. Kxg2 Qxb2+ 39. Kf3 Rf1+ 40. Kg4 Qe2+ 41. Kg5 Qd2+ 42. Re3 Rg1+ 43. Kf6 Qd6+ 44. Kf5 Qxg6+ 45. Kf4 Qf6# 0-1

[Event "Steinfurt Bezirksklasse 0405"]
[Site "Germany"]
[Date "2004.10.09"]
[Round "2.1"]
[White "Mostafa, Riad"]
[Black "Erber, Georg"]
[Result "0-1"]
[WhiteElo "1223"]
[BlackElo "1252"]
[PlyCount "46"]
[EventDate "2004.09.18"]
[EventType "team-tourn"]
[EventRounds "11"]
[EventCountry "GER"]
[SourceTitle "EXT 2006"]
[Source "ChessBase"]
[SourceDate "2005.11.24"]
[SourceVersion "1"]
[SourceVersionDate "2005.11.24"]
[SourceQuality "1"]
[WhiteTeam "Steinfurt IV"]
[BlackTeam "Saerbeck IV"]
[WhiteTeamCountry "GER"]
[BlackTeamCountry "GER"]

1. e3 c5 2. Be2 Nc6 3. Nf3 Nf6 4. 0-0 d6 5. c3 Bf5 6. Ng5 a6 7. Qb3 d5 8. Qxb7 Na5 9. Bb5+ axb5 10. Qxb5+ Nd7 11. b4 Nb3 12. axb3 Rxa1 13. Na3 e6 14. Nf3 Bd6 15. d4 cxd4 16. cxd4 0-0 17. h3 Nf6 18. Nd2 Qc7 19. f3 Rxc1 20. g4 Rxf1+ 21. Kxf1 Bg6 22. Nab1 Bxb1 23. Nxb1 Qc1+ 0-1